Sannyasi and Fakir Rebellion in Bengal / (Record no. 139238)

MARC details
000 -LEADER
fixed length control field 00642nam a22002057a 4500
005 - DATE AND TIME OF LATEST TRANSACTION
control field 20170505145630.0
010 ## - LCCN (DPL NO)
LC control number ENG-117940
020 ## - INTERNATIONAL STANDARD BOOK NUMBER
Terms of availability 1095.00
International Standard Book Number 9789350980798
035 ## - SYSTEM CONTROL NUMBER
System control number EN-101472
037 ## - SOURCE OF ACQUISITION
Source of stock number/acquisition DBAD/PUB
082 ## - DEWEY DECIMAL CLASSIFICATION NUMBER
Classification number 954.082
100 ## - MAIN ENTRY--PERSONAL NAME
Personal name Ghosh, Jamini Mohan
245 ## - TITLE STATEMENT
Title Sannyasi and Fakir Rebellion in Bengal /
Statement of responsibility, etc by Jamini Mohan Ghosh ;edited by Ananda Bhattacharyya
260 ## - PUBLICATION, DISTRIBUTION, ETC. (IMPRINT)
Place of publication, distribution, etc New Delhi
Name of publisher, distributor, etc Monohar
Date of publication, distribution, etc 2014
270 ## - ADDRESS
Address 4753/23 Ansari Road, Daryaganj
City New Delhi
Postal code 110002
300 ## - PHYSICAL DESCRIPTION
Extent 304p.
Dimensions 22cm(Hb)
500 ## - GENERAL NOTE
General note Include index
700 ## - ADDED ENTRY--PERSONAL NAME
Personal name Bhattacharyya, Ananda
942 ## - ADDED ENTRY ELEMENTS (KOHA)
Source of classification or shelving scheme Dewey Decimal Classification
Item type English Books
Classification part 954.082
Call number suffix GHO
Holdings
Withdrawn status Lost status Not for loan Collection code Home library Current library Date acquired Source of acquisition Cost, normal purchase price Full call number Barcode Copy number Cost, replacement price Koha item type
      Non-fiction Patel Nagar Patel Nagar 24/04/2017 DBAD/PUB 1095.00 954.082 GHO EN-101472 1 1095.00 English Books

© Delhi Public Library
Hit Counter
free hit counter